Welcome to the Holygrace Academy Library

Please use search bar below to get started

KEY TO HAPPINESS (Record no. 6842)

MARC details
000 -LEADER
fixed length control field 00635nam a22001457a 4500
020 ## - INTERNATIONAL STANDARD BOOK NUMBER
ISBN 978-93-86531-49-0
082 ## - DEWEY DECIMAL CLASSIFICATION NUMBER
Classification number 823
Item number KAN/H
100 ## - MAIN ENTRY--AUTHOR NAME
Personal name KANAKARAGHAVAN
245 ## - TITLE STATEMENT
Title KEY TO HAPPINESS
Remainder of title ILLUSTRATED AESOP FABLES
260 ## - PUBLICATION, DISTRIBUTION, ETC. (IMPRINT)
Place of publication THRISSUR
Name of publisher H & C PUBLISHING HOUSE
Year of publication 2023
300 ## - PHYSICAL DESCRIPTION
Number of Pages 48
520 ## - SUMMARY, ETC.
Summary, etc In The Key to Happiness he shares the scientific results of this quest, identifying the six building blocks of happiness; togetherness, money, health, kindness, trust and freedom. By incorporating a healthy balance of all six, each of us can live happier, more purposeful and satisfied lives.
650 ## - SUBJECT ADDED ENTRY--TOPICAL TERM
Topical Term SHORT STORY
942 ## - ADDED ENTRY ELEMENTS (KOHA)
Koha item type Books
Holdings
Withdrawn status Lost status Collection code Home library Current library Shelving location Date acquired Source of acquisition Cost, normal purchase price Full call number Accession Number Koha item type
    Fiction Main Library Main Library NEW SHELF WITH NEW ENTRY 26/10/2023 Purchase 40.00 823 KAN/H 13030 Books